Obálka Náhled e-knihy:
PDF Epub
Pro půjčování e-knih musíte být přihlášeni.
Jak si půjčit online?

S láskou z Ríma /

Romantický příběh ze slunné Itálie.

Uloženo v:
Série:S láskou (SK), část 3
Hlavní autor: Wake, Jules (Autor)
Další autoři: Chovanová, Tamara, 1953- (Autor)
Médium: E-kniha
Jazyk:Slovak
Vydáno: Bratislava : Albatros Media Slovakia s. r. o., 2024
Témata:
Příbuzné jednotky:Z cyklu:: S láskou (SK)
Tagy:
Žádné tagy
LEADER 02422nam a2200445 i 4500
001 312538
003 CZ PrSKC
005 20260601215724.0
007 ta
008 220526s2024 xo ||||g||||||000 f|slo||
020 |a 9788056641071  |q (vázáno) :  |c Kč 399,00 
040 |a JEG502  |b cze  |e rda 
041 1 |a slo  |h eng 
072 7 |a 821.111-3  |x Anglická próza, anglicky psaná  |2 Konspekt 
080 |a 821.111-31  |2 MRF 
080 |a (0:82-312.5)  |2 MRF 
080 |a (0:82-31)-055.2  |2 MRF 
100 1 |a Wake, Jules  |7 xx0236526  |4 aut 
240 1 0 |a From Rome with love.  |l Slovensky 
245 1 0 |a S láskou z Ríma /  |c Jules Wake ; přeložila Tamara Chovancová 
264 1 |a Bratislava :  |b Albatros Media Slovakia s. r. o.,  |c 2024 
300 |a 349 stran ;  |c 20 cm 
336 |a text  |b txt  |2 rdacontent 
337 |a bez média  |b n  |2 rdamedia 
338 |a svazek  |b nc  |2 rdacarrier 
500 |a Přeloženo z angličtiny 
520 2 |a Romantický příběh ze slunné Itálie.  |b Všechny cesty vedou... k tobě. Lisa se do Říma vydává pátrat po otci, kterého si pamatuje jen z dětství. Will v Itálii plánuje čerpat inspiraci pro novou restauraci. Náhoda? Jak se to vezme... Ve sluncem rozpálených uličkách věčného města to mezi bývalými partnery začne nebezpečně jiskřit. Ale každý z nich má přece v Římě jiné plány a Lisa nestojí o další zklamání. Všude je přece spousta památek, skvělého jídla... A na každém kroku Will. Zaslouží si zpackaná láska druhou šanci? Nakladatelská anotace. Kráceno. 
655 7 |a anglické romány  |7 fd131814  |2 czenas 
655 7 |a milostné romány  |7 fd132840  |2 czenas 
655 7 |a romány pro ženy  |7 fd187897  |2 czenas 
655 9 |a English fiction  |2 eczenas 
655 9 |a love novels  |2 eczenas 
655 9 |a women's novels  |2 eczenas 
700 1 |a Chovanová, Tamara,  |d 1953-  |7 mzk2006323006  |4 trl 
900 |a JEG502  |b 17 
044 |a xr 
787 0 8 |g 3  |i Z cyklu:  |t S láskou (SK) 
910 |a RBIT002 
998 |d 414917  |a https://core.palmknihy.cz/api/books/414917/cover?slkrcj  |b https://core.palmknihy.cz/api/books/414917/cover/400?slkrcj  |c https://core.palmknihy.cz/api/books/414917/cover/50?slkrcj  |e 2028-02-15  |g 352  |i 9788056641071  |j https://core.palmknihy.cz/api/books/414917/preview.epub  |k https://core.palmknihy.cz/api/books/414917/preview.pdf  |l   |q 49  |r 1  |s https://www.palmknihy.cz/kniha/414917  |t ebook  |y 2024  |z 0  |v S láskou (SK)  |w 3 
999 |d 312536